Eero Saarinen / (Record no. 353272)
[ view plain ]
| 000 -LEADER | |
|---|---|
| fixed length control field | 00747 a2200241 4500 |
| 003 - CONTROL NUMBER IDENTIFIER | |
| control field | OSt |
| 005 - DATE AND TIME OF LATEST TRANSACTION | |
| control field | 20180116192400.0 |
| 008 - FIXED-LENGTH DATA ELEMENTS--GENERAL INFORMATION | |
| fixed length control field | 120618t xxu||||| |||| 00| 0 eng d |
| 010 ## - LIBRARY OF CONGRESS CONTROL NUMBER | |
| LC control number | 2006531004 |
| 020 ## - INTERNATIONAL STANDARD BOOK NUMBER | |
| International Standard Book Number | 071484277X (hbk.) |
| 020 ## - INTERNATIONAL STANDARD BOOK NUMBER | |
| International Standard Book Number | 9780714842776 |
| 035 ## - SYSTEM CONTROL NUMBER | |
| System control number | (CStRLIN)MNUGA004632743-B |
| 035 ## - SYSTEM CONTROL NUMBER | |
| System control number | (MnU)004632743 |
| 040 ## - CATALOGING SOURCE | |
| Transcribing agency | 0 |
| 082 04 - DEWEY DECIMAL CLASSIFICATION NUMBER | |
| Classification number | 720.92 |
| 100 1# - MAIN ENTRY--PERSONAL NAME | |
| Personal name | Merkel, Jayne. |
| 9 (RLIN) | 4781 |
| 245 10 - TITLE STATEMENT | |
| Title | Eero Saarinen / |
| Statement of responsibility, etc. | Jayne Merkel. |
| 260 ## - PUBLICATION, DISTRIBUTION, ETC. | |
| Place of publication, distribution, etc. | London ; |
| -- | New York : |
| Name of publisher, distributor, etc. | Phaidon, |
| Date of publication, distribution, etc. | 2005. |
| 300 ## - PHYSICAL DESCRIPTION | |
| Extent | 256 p. : |
| Other physical details | ill. (some col.) ; |
| Dimensions | 30 cm. |
| 600 10 - SUBJECT ADDED ENTRY--PERSONAL NAME | |
| Personal name | Saarinen, Eero, |
| Dates associated with a name | 1910-1961 |
| General subdivision | Criticism and interpretation. |
| 9 (RLIN) | 4782 |
| 942 ## - ADDED ENTRY ELEMENTS (KOHA) | |
| Institution code [OBSOLETE] | SADA |
| Koha item type | Reference |
| Call number prefix | 720.92 MER 2005 |
| Source of classification or shelving scheme | |
| Withdrawn status | Lost status | Source of classification or shelving scheme | Damaged status | Not for loan | Permanent Location | Current Location | Date acquired | Total Checkouts | Full call number | Barcode | Date last seen | Date last checked out | Cost, replacement price | Price effective from | Koha item type |
|---|---|---|---|---|---|---|---|---|---|---|---|---|---|---|---|
| School of Art Design and Architecture (SADA) | School of Art Design and Architecture (SADA) | 06/28/2011 | 1 | REF 720.92 MER 2005 | SADA0001373 | 02/13/2012 | 02/07/2012 | 4329.00 | 08/05/2011 | Reference |
